Le plus petit en Europe - Statistiques

Statistiques générales
  • Ce quiz a été pris 361 fois
  • Le résultat moyen est 33 sur 40
Statistiques - réponses
Hint Réponse % Correct
Pays Vatican
97%
Capitale Vatican
97%
Population Vatican
97%
Pays Monaco
96%
Population Monaco
96%
Chômage Monaco
96%
Population Andorre
95%
Chômage Andorre
95%
Pays Saint-Marin
93%
Capitale Saint-Marin
93%
Population Saint-Marin
93%
Pays Liechtenstein
92%
Population Liechtenstein
92%
Chômage Liechtenstein
92%
Dette Luxembourg
90%
Pays Malte
89%
Chômage Norvège
87%
Densément Norvège
87%
Densément Finlande
86%
Densément Suède
86%
Densément Islande
84%
PIB/capita Macedoine
79%
Cher Macedoine
79%
Dette Russie
79%
Densément Russie
79%
PIB/capita Ukraine
79%
PIB/capita Bosnie-Herzegovine
78%
Cher Bosnie-Herzegovine
78%
Dette Bulgarie
78%
Dette Estonie
78%
Cher Roumanie
77%
Cher Serbie
77%
PIB/capita Albanie
76%
Cher Albanie
76%
PIB/capita Moldavie
75%
Dette Moldavie
75%
Chômage Biélorussie
74%
Capitale Andorre-la-Vieille
39%
Capitale Vaduz
39%
Capitale La Valette
34%
Aucun quiz correspondant
Distribution des résultats
% des personnes avec chaque résultat
Percentile par nombre de réponses
Votre historique - résultats
Vous n’avez pas pris ce quiz